000
00308nam a22001337a 4500
008
170821b xxu||||| |||| 00| 0 eng d
020
_a
9780538439916
041
_a
eng
080
_2
4 ED
_a
51
100
_a
37
101
_a
MAT
245
_a
CALCULATORS PRITING DISPLAY
_c
PASEWARK.W.R
942
_2
udc
_c
BK
999
_c
24383
_d
24383